Soul Eater Characters Part 1. - Statistics

General Stats
  • This quiz has been taken 1,159 times
  • The average score is 10 of 15
Answer Stats
Hint Answer % Correct
A Demon Scythe and Partner of the Main Female Protaganist. Soul Eater Evans
99%
The Main Female Protagonist of Soul Eater. Maka Albarn
98%
A Ninja and the meister of a Shodow Weapon. Black Star
96%
Is the meister of the Thompson sisters and the Son of Shinigami. Death the Kid
96%
A Snake-Themed Witch who Contains One Thousand Magical Arrow-Shaped Snakes inside her body. Medusa
81%
Is a Weapon Partner who is Classified as a "Shadow weapon". Tsubaki Nakatsukasa
79%
Is 'The Snake Lady's' child and the wielder of Ragnarok. Crona
77%
Younger Thompson Sister. Patricia Thompson
77%
Elder Thompson Sister. Elizabeth Thompson
71%
A Weapon also Known as the Demon Sword. Ragnarok
57%
The leader of Arachnophobia, is the Second Major Antagonist Introduced in the Series. Arachne
46%
The First Kishin to come into Existence 800 years before the story, and Ultimately the Primary Antagonist. Asura
41%
"Man with the Demon Eye" or "Man with the Magic Eye" Free
39%
Is a Frog-Themed Witch who 'The Snake Lady' Enslaves. Eruka Frog
34%
A Family of Identical Mouse-Like Witch Sisters. Mizune
30%
No matching quizzes found
Score Distribution
Percent of People with Each Score
Percentile by Number Answered
Your Score History
You have not taken this quiz